000 00514nam a2200193Ia 4500
003 OSt
005 20250201120322.0
008 210210b1969 xxu||||| |||| 00| 0 eng d
040 _cAL
041 _aKannada
082 _aK894.3 SARA
100 _aSAROJARAV (K)
_dಸರೋಜಾರಾವ್(ಕೆ)
_9170121
245 _aAvala hejje.
_bಅವಳ ಹೆಜ್ಜೆ
260 _aBengaluru
_bEs Ar Prakashana
_c1969
300 _a259
690 _aKannada Fiction
_9170122
906 _a026961
942 _2ddc
_cBK
999 _c78264
_d78264